Építők, rombolók és az isten

Podrobná bibliografia
Hlavný autor: Xavéri, Icubella (Autor)
Médium: Kniha
Jazyk:maďarčina
Fyzický popis:255 strán 21 cm
Vydavateľské údaje: [Dolný Ohaj] [Tlačiareň Merkur, s.r.o.] 2021
ISBN:9788089996070
Vydanie:Első kiadás
Predmet:

MARC

LEADER 00000nam a2200000 4500
001 vtls012075427
003 SK-MaSNL
005 20260301230828.0
008 211028s2021 xo gr 000 f hun
015 |a SNBA2023/07 
020 |a 9788089996070  |q (brožované) 
040 |a SNK  |b slo  |c SNK  |e rda 
041 0 |a hun 
044 |a xo  |c SK 
072 7 |a 821.511.1  |x Ugrofínske literatúry  |2 konspekt 
080 |a 821.511.141-31  |2 2011 
100 1 |a Xavéri, Icubella  |4 aut  |9 567479 
245 1 0 |a Építők, rombolók és az isten  |c Xavéri Icubella 
250 |a Első kiadás 
264 1 |a [Dolný Ohaj]  |b [Tlačiareň Merkur, s.r.o.]  |c 2021 
300 |a 255 strán  |c 21 cm 
336 |a text  |b txt  |2 rdacontent 
337 |a bez média  |b n  |2 rdamedia 
338 |a zväzok  |b nc  |2 rdacarrier 
500 |a Miesto vydania a vydavateľstvo podľa údajov NA ISBN. V tiráži uvedené: szerző: Takács Izabella 
655 7 |a maďarské romány  |2 SNKPH  |9 70321 
655 7 |a Hungarian fiction  |2 SNKPHeng  |9 277893 
852 |a Slovenská národná knižnica 
919 |a 978-80-89996-07-0 
954 |a beletria cudzojazyčná (svetová)  |2 lita 
958 |a LX 
999 |c 956180  |d 958110 
952 |a SNK  |b SNK  |y PREZ  |7 0  |p 17A1467846  |o snkSC 195019  |i snk2021/16741  |8 0  |0 0  |1 0  |4 0  |d 2021-10-28  |l 0  |r 2025-10-15 00:00:00  |w 2026-02-24 
952 |a SNK  |b SNK  |y VYP  |7 0  |p 17A1467847  |o snkSC 195019 D1  |i snk2021/16742  |8 0  |0 0  |1 0  |4 0  |d 2021-10-28  |l 0  |r 2026-02-24 10:03:24  |w 2026-02-24